Rendición de cuentas (Registro nro. 317)

Detalles MARC
000 -LEADER
fixed length control field 01495 a2200241 4500
001 - CONTROL NUMBER
control field 3348
005 - DATE AND TIME OF LATEST TRANSACTION
control field 20260407155427.0
008 - FIXED-LENGTH DATA ELEMENTS--GENERAL INFORMATION
fixed length control field 260407a2008 arg spa d
003 - CONTROL NUMBER IDENTIFIER
control field AR-UNSa-BCEJYS
040 ## - CATALOGING SOURCE
Original cataloging agency AR-UNSa-BCEJYS
Language of cataloging spa
Transcribing agency AR-UNSa-BCEJYS
080 ## - UNIVERSAL DECIMAL CLASSIFICATION NUMBER
Universal Decimal Classification number 347.43
Common auxiliary subdivision Extinción de las obligaciones (pago, remisión, novación, rendición de cuentas)
020 ## - INTERNATIONAL STANDARD BOOK NUMBER
International Standard Book Number 978-987-1419-04-3
100 1# - MAIN ENTRY--PERSONAL NAME
Personal name Ghersi, Carlos Alberto
245 10 - TITLE STATEMENT
Title Rendición de cuentas
Name of part/section of a work doctrina y jurisprudencia
264 #1 - PRODUCTION, PUBLICATION, DISTRIBUTION, MANUFACTURE, AND COPYRIGHT NOTICE
Place of production, publication, distribution, manufacture Buenos Aires :
Name of producer, publisher, distributor, manufacturer Cathedra Jurídica
Date of production, publication, distribution, manufacture, or copyright notice 2008
300 ## - PHYSICAL DESCRIPTION
Extent 226 p.
Dimensions 23 cm.
505 ## - FORMATTED CONTENTS NOTE
Formatted contents note 1. Presentación e importancia de la rendición de cuentas - 2. El factor "confianza" en la designación de quien realiza negocios ajenos - 3. El encargado del negocio ajeno en su rol y función de decidir y administrar - 4. Procedimiento y desarrollo de la rendición de cuenta - 5. La responsabilidad del mandatario o encargado de negocios ajenos - 6. Disposiciones procesales sobre la rendición de cuentas judiciales. Justicia nacional y bonaerense - 7. Contrato de servicio de auditoría externa - 8. Parte especial. Introducción - 9. La rendición de cuentas como obligación accesoria en relación con diversas relaciones jurídicas principales
590 ## - LOCAL NOTE (RLIN)
Local note niveau_biblio:m niveau_hierar:0
700 1# - ADDED ENTRY--PERSONAL NAME
Personal name Weingarten, Celia
700 1# - ADDED ENTRY--PERSONAL NAME
Personal name Ceriani, Patricia
856 41 - ELECTRONIC LOCATION AND ACCESS
Uniform Resource Identifier <a href="https://biblioeco.unsa.edu.ar/pmb/images/libros/Rendicion de cuentas-l117800.jpg">https://biblioeco.unsa.edu.ar/pmb/images/libros/Rendicion de cuentas-l117800.jpg</a>
Link text Imagen de portada
Electronic format type image/jpeg
942 ## - ADDED ENTRY ELEMENTS (KOHA)
Koha item type
Existencias
Withdrawn status Lost status Damaged status Not for loan Home library Current library Shelving location Date acquired Total checkouts Full call number Barcode Date last seen Price effective from Koha item type
        Biblioteca Prof. Eusebio Cleto del Rey Biblioteca Prof. Eusebio Cleto del Rey   07/04/2026   347.43 G413 L117800 07/04/2026 07/04/2026 Libro